|
|
|
|
| LEADER |
01196nam a2200265 a 4500 |
| 008 |
091229s1999 nyua 001 0eng d |
| 020 |
|
|
|a 0028242068
|
| 020 |
|
|
|a 0028242076
|
| 040 |
|
|
|a HUA
|c HUA
|d MNI
|d BD-DhAAL
|
| 082 |
0 |
0 |
|a 519.5
|2 21
|
| 245 |
0 |
0 |
|a Exploring data :
|b an alternative unit for representing and analyzing one-variable data.,1999.
|
| 250 |
|
|
|a Teacher's annotated ed.
|
| 260 |
|
|
|a New York :
|b Glencoe/McGraw-Hill,
|c 1995
|
| 300 |
|
|
|a 80 p. :
|b ill. ;
|c 25 cm.
|
| 490 |
0 |
|
|a Glencoe mathematics replacement units
|
| 504 |
|
|
|a Includes index
|
| 541 |
1 |
|
|e 00010884
|
| 650 |
|
0 |
|a Statistics.
|
| 650 |
|
0 |
|a Algebra.
|
| 650 |
|
0 |
|a Statisticst
|x Study and teaching.
|
| 650 |
|
0 |
|a Algebra
|x Study and teaching.
|
| 852 |
4 |
|
|a Ayesha Abed Library
|j General shelf
|
| 999 |
|
|
|c 6510
|d 6510
|
| 952 |
|
|
|0 0
|1 0
|2 ddc
|4 0
|6 519_500000000000000_EXP_1995
|7 0
|9 6606
|a BRACUL
|b BRACUL
|c GEN
|d 2009-12-30
|g 0.00
|l 0
|o 519.5 EXP
|p 3010010884
|r 2009-12-30
|t 1
|w 2009-12-30
|y BK
|x No price found in the accession register.
|
| 952 |
|
|
|0 0
|1 0
|2 ddc
|4 0
|6 519_500000000000000_EXP_1995
|7 0
|9 6607
|a BRACUL
|b BRACUL
|c GEN
|d 2009-12-30
|g 0.00
|l 0
|o 519.5 EXP
|p 3010010883
|r 2009-12-30
|t 2
|w 2009-12-30
|y BK
|x No price found in the accession register.
|